| 000 | 00450nam a2200181Ia 4500 | ||
|---|---|---|---|
| 008 | 230612s9999 xx 000 0 und d | ||
| 041 | _aeng | ||
| 082 | _a621.381 JAI | ||
| 100 | _aJain R.P. | ||
| 245 | _aModern Digital Electronics | ||
| 260 |
_c1991 _bTata McGraw Hill |
||
| 300 |
_a468 _cRef 92 E (936) |
||
| 365 |
_cRs. _b69.00 |
||
| 500 | _a92 E | ||
| 700 | _aJain R.P. | ||
| 906 |
_dB:12-Aug-1992 _cETC _b10.35 |
||
| 999 |
_c165218 _d165218 |
||